000 01695nam a2200529 i 4500
001 25125
003 KOSZ 005
005 20200507131648.0
008 980702s1996 pl f |000 0 pol
015 _aUWD 1996/13773
020 _a8386038268
035 _a991004342289705066
035 _a(PL-WaBN)b11148664-48omnis_nlop
035 _ab11148664
035 _a(OCoLC)835308331
035 _a(PL)b0000001114866
035 _a(EXLNZ-48OMNIS_NETWORK)9910287198405606
040 _aWA N
_cWA N
_dKOSZ 005/EG
080 _a342.951
080 _a351.72
080 _a336
080 _a352/353
080 _a(438)
080 _a(075.8)
100 1 _aMisiąg, Wojciech
_d(1951- )
_eAutor
245 1 0 _aFinanse publiczne w Polsce :
_bprzewodnik /
_cWojciech Misiąg ; [Rzeczpospolita].
260 _aWarszawa :
_b"Presspublica",
_c1996.
300 _a558 s. ;
_c24 cm.
336 _aTekst
_btxt
_2rdacontent
337 _aBez urządzenia pośredniczącego
_bn
_2rdamedia
338 _aWolumin
_bnc
_2rdacarrier
380 _aKsiążki
380 _aPublikacje dydaktyczne
385 _mPoziom nauczania
_aSzkoły wyższe
388 _a1901-2000
388 _a1989-2000
500 _aZawiera teksty wybranych aktów prawnych.
504 _aWykaz aktów prawnych s. 537-545.
650 7 _aFinanse publiczne
_2DBN
650 7 _aPrawo finansów publicznych
_2DBN
651 7 _aPolska
_2DBN
655 7 _aPodręczniki akademickie
_2DBN
658 _aPrawo i wymiar sprawiedliwości
856 _uhttp://koha.tu.koszalin.pl/cgi-bin/koha/opac-detail.pl?biblionumber=25125
_yKatalog online BPK
942 _2UKD
_cKS
999 _c25125
_d25125